Možnosti podnikania vo vybraných krajinách Európskej únie bakalárska práca

Guardado en:
Detalles Bibliográficos
Autor principal: Bošková, Martina
Autor Corporativo: Obchodná fakulta EU. Katedra obchodného práva
Otros Autores: Lukačovičová, Iva
Formato: Libro
Lenguaje:eslovaco
Publicado: Bratislava 2010
Etiquetas: Agregar Etiqueta
Sin Etiquetas, Sea el primero en etiquetar este registro!

MARC

LEADER 00000nam$a2200000$$$4500
001 0134883
005 20240320074303.2
041 0 |a slo 
044 |a SK 
245 1 0 |a Možnosti podnikania vo vybraných krajinách Európskej únie  |b bakalárska práca  |c Martina Bošková ; školiteľ: Iva Lukačovičová 
264 1 |a Bratislava  |c 2010 
300 |a 40 s. 
100 1 |a Bošková, Martina 
700 1 |a Lukačovičová, Iva 
710 2 |a Obchodná fakulta EU. Katedra obchodného práva